[Event "Sharjah Masters 2nd"]
[Site "Sharjah"]
[Date "2018.04.14"]
[Round "4"]
[White "Sindarov, Javokhir"]
[Black "Asmar, Elie"]
[Result "1-0"]
[WhiteElo "2431"]
[BlackElo "2060"]
[PlyCount "67"]
[EventDate "2018.04.12"]
[EventType "swiss"]
[EventRounds "9"]
[EventCountry "UAE"]
[SourceTitle "CBM 184 Extra"]
[Source "ChessBase"]
[SourceDate "2018.06.28"]
[SourceVersion "1"]
[SourceVersionDate "2018.06.28"]
[SourceQuality "1"]

1. e4 g6 2. d4 Bg7 3. Nc3 c6 4. Nf3 d5 5. h3 Nf6 6. e5 Ne4 7. Nxe4 dxe4 8. Ng5 c5 9. dxc5 Qxd1+ 10. Kxd1 Nc6 11. c3 Nxe5 12. Nxe4 Bf5 13. f3 0-0 14. Be3 Rfd8+ 15. Kc2 Rac8 16. Be2 h6 17. Rad1 Be6 18. Rxd8+ Rxd8 19. Rd1 Rxd1 20. Bxd1 Bc4 21. Nd2 Bd3+ 22. Kc1 Nc4 23. Nxc4 Bxc4 24. f4 Bd5 25. Bf3 Bc6 26. Bxc6 bxc6 27. Kc2 Kf8 28. Kb3 Ke8 29. Ka4 Kd7 30. Ka5 Ke6 31. Ka6 Kd5 32. Kxa7 e5 33. fxe5 Bxe5 34. Kb7 1-0

[Event "Sharjah Masters 2nd"]
[Site "Sharjah"]
[Date "2018.04.13"]
[Round "2"]
[White "Rakhmanov, Alexander"]
[Black "Asmar, Elie"]
[Result "1-0"]
[WhiteElo "2652"]
[BlackElo "2060"]
[PlyCount "69"]
[EventDate "2018.04.12"]
[EventType "swiss"]
[EventRounds "9"]
[EventCountry "UAE"]
[SourceTitle "CBM 184 Extra"]
[Source "ChessBase"]
[SourceDate "2018.06.28"]
[SourceVersion "1"]
[SourceVersionDate "2018.06.28"]
[SourceQuality "1"]

1. b3 e5 2. Bb2 Nc6 3. e3 d5 4. Bb5 Bd6 5. Nf3 Qe7 6. c4 a6 7. Bxc6+ bxc6 8. c5 Bxc5 9. Nxe5 Bd6 10. Nxc6 Qg5 11. Kf1 Nf6 12. Ba3 Bf5 13. Bxd6 Bd3+ 14. Kg1 cxd6 15. Nc3 Ne4 16. h4 Qf6 17. Nxe4 dxe4 18. Rc1 0-0 19. Rc3 a5 20. a4 Kh8 21. Qg4 Qe6 22. Qf4 f5 23. Nd4 Qd7 24. Kh2 Rf6 25. Rhc1 h6 26. Rc7 Qe8 27. Kg1 Qh5 28. Rd7 Raf8 29. Rxd6 Rxd6 30. Qxd6 Rf6 31. Rc8+ Kh7 32. Ne6 Qd1+ 33. Kh2 Qxd2 34. Qd8 Rxe6 35. h5 1-0

[Event "Beirut op 9th"]
[Site "Beirut"]
[Date "2017.10.03"]
[Round "5"]
[White "Mohannad, Farhan"]
[Black "Asmar, Elie"]
[Result "1/2-1/2"]
[WhiteElo "2243"]
[BlackElo "2061"]
[PlyCount "113"]
[EventDate "2017.09.30"]
[EventType "swiss"]
[EventRounds "9"]
[EventCountry "LBN"]
[SourceTitle "CBM 181 Extra"]
[Source "ChessBase"]
[SourceDate "2017.12.12"]
[SourceVersion "1"]
[SourceVersionDate "2017.12.12"]
[SourceQuality "1"]

1. Nf3 Nf6 2. b3 g6 3. e3 Bg7 4. Be2 0-0 5. 0-0 c5 6. Bb2 Nc6 7. d4 cxd4 8. Nxd4 d5 9. Nxc6 bxc6 10. c4 Qc7 11. Qd4 Re8 12. Nc3 e5 13. Qh4 h6 14. Rac1 g5 15. Qg3 Ne4 16. Nxe4 dxe4 17. h4 f5 18. hxg5 f4 19. Qh4 Qe7 20. exf4 hxg5 21. fxg5 Bf5 22. c5 Rad8 23. Bc4+ Be6 24. Qxe4 Bd5 25. Qe3 Bxc4 26. Rxc4 Rd5 27. g6 e4 28. Bxg7 Kxg7 29. Re1 Re5 30. f4 exf3 31. Qxe5+ Qxe5 32. Rxe5 Rxe5 33. gxf3 Re2 34. Ra4 Kxg6 35. Rxa7 Kg5 36. Ra4 Rc2 37. b4 Kf4 38. Ra3 Rb2 39. Ra4 Kg3 40. Kf1 Kxf3 41. Ke1 Ke3 42. Kd1 Kd3 43. Kc1 Rh2 44. a3 Kc3 45. Kd1 Ra2 46. Ra6 Kc4 47. Kc1 Kd5 48. Kb1 Rh2 49. Rb6 Kc4 50. Rxc6 Kc3 51. a4 Kxb4 52. Rc8 Kxa4 53. Rb8 Rh5 54. c6 Rc5 55. Rc8 Kb5 56. c7 Kb6 57. Kb2 1/2-1/2

[Event "Beirut op 9th"]
[Site "Beirut"]
[Date "2017.10.01"]
[Round "3"]
[White "Ibrahim, Hatim"]
[Black "Asmar, Elie"]
[Result "1-0"]
[WhiteElo "2331"]
[BlackElo "2061"]
[PlyCount "63"]
[EventDate "2017.09.30"]
[EventType "swiss"]
[EventRounds "9"]
[EventCountry "LBN"]
[SourceTitle "CBM 181 Extra"]
[Source "ChessBase"]
[SourceDate "2017.12.12"]
[SourceVersion "1"]
[SourceVersionDate "2017.12.12"]
[SourceQuality "1"]

1. Nf3 g6 2. c4 Nf6 3. Nc3 Bg7 4. e4 d6 5. d4 0-0 6. h3 c5 7. d5 a6 8. a4 e6 9. Bd3 e5 10. g4 Ne8 11. Rg1 f6 12. h4 Rf7 13. g5 f5 14. h5 f4 15. hxg6 hxg6 16. Nh4 Kh7 17. Rh1 Kg8 18. Rg1 Kh7 19. Be2 Bf8 20. Bh5 gxh5 21. g6+ Kh6 22. gxf7 Ng7 23. Rg6+ Kh7 24. Rxg7+ Kxg7 25. Qxh5 Qf6 26. Bd2 Qxf7 27. Qg5+ Kh7 28. 0-0-0 Bh6 29. Qd8 Qd7 30. Qf6 Qe8 31. Rg1 Nd7 32. Qf5+ 1-0

[Event "Beirut op 9th"]
[Site "Beirut"]
[Date "2017.09.30"]
[Round "1"]
[White "Badieh, Mahmoud"]
[Black "Asmar, Elie"]
[Result "0-1"]
[WhiteElo "1262"]
[BlackElo "2061"]
[PlyCount "94"]
[EventDate "2017.09.30"]
[EventType "swiss"]
[EventRounds "9"]
[EventCountry "LBN"]
[SourceTitle "CBM 181 Extra"]
[Source "ChessBase"]
[SourceDate "2017.12.12"]
[SourceVersion "1"]
[SourceVersionDate "2017.12.12"]
[SourceQuality "1"]

1. d4 Nf6 2. Nf3 d5 3. e3 Bf5 4. c4 c6 5. Nc3 e6 6. cxd5 exd5 7. Bd3 Bg4 8. h3 Bh5 9. Be2 Nbd7 10. Ng5 Bxe2 11. Qxe2 h6 12. Nf3 Bd6 13. Bd2 0-0 14. 0-0 Re8 15. Rac1 Ne4 16. Rfe1 Ndf6 17. Nh4 Nxc3 18. Bxc3 Ne4 19. Nf3 Re6 20. Nd2 Qh4 21. Nxe4 Qxe4 22. Qg4 Qxg4 23. hxg4 Rae8 24. Re2 Re4 25. f3 Rxe3 26. Rxe3 Rxe3 27. Re1 Rxe1+ 28. Bxe1 Kf8 29. Kf2 Ke7 30. Ke3 c5 31. dxc5 Bxc5+ 32. Kd3 Ke6 33. f4 f5 34. gxf5+ Kxf5 35. g3 g6 36. a3 h5 37. b4 Bg1 38. a4 a6 39. a5 Ba7 40. Ke2 Ke4 41. Bc3 d4 42. Be1 d3+ 43. Kd2 Be3+ 44. Kd1 Kf3 45. Bd2 Bxd2 46. Kxd2 Kxg3 47. Kxd3 h4 0-1

[Event "LIB-ch 43rd"]
[Site "Beirut"]
[Date "2017.07.26"]
[Round "8"]
[White "Najjar, Ahmad"]
[Black "Asmar, Elie"]
[Result "0-1"]
[WhiteElo "2304"]
[BlackElo "2009"]
[PlyCount "136"]
[EventDate "2017.07.18"]
[EventType "tourn"]
[EventRounds "11"]
[EventCountry "LBN"]
[SourceTitle "EXT 2018"]
[Source "ChessBase"]
[SourceDate "2017.10.13"]
[SourceVersion "1"]
[SourceVersionDate "2017.10.13"]
[SourceQuality "1"]

1. g3 Nf6 2. Bg2 g6 3. e4 d6 4. d4 Bg7 5. Ne2 0-0 6. Nbc3 c6 7. h4 e5 8. dxe5 dxe5 9. Qxd8 Rxd8 10. Bg5 h6 11. Bxf6 Bxf6 12. Nc1 Be6 13. Nd3 Na6 14. 0-0-0 Bc4 15. Bf1 Bxd3 16. Bxd3 Nc5 17. f3 b5 18. Be2 Ne6 19. Rxd8+ Rxd8 20. Rf1 Nd4 21. Bd3 Be7 22. Nd1 Kg7 23. c3 Ne6 24. Bc2 h5 25. b4 a5 26. bxa5 Ba3+ 27. Kb1 Ra8 28. Bb3 Rxa5 29. Bxe6 fxe6 30. Rf2 Ra7 31. Rd2 Rf7 32. Rd3 Bc5 33. Kc2 Ra7 34. Kb3 Ra3+ 35. Kb2 Ra7 36. Ne3 Bxe3 37. Rxe3 Kf7 38. Rd3 Ke7 39. f4 Ra4 40. fxe5 Rxe4 41. Rd6 Rxe5 42. Rxc6 Kd7 43. Rb6 Kc7 44. Ra6 Kb7 45. Rd6 Kc7 46. Rd3 g5 47. hxg5 Rxg5 48. Kb3 Rg4 49. Re3 Kd6 50. Rd3+ Ke5 51. Rd8 Rxg3 52. Rb8 Rg5 53. Rxb5+ Kf4 54. Rb4+ Kg3 55. a4 h4 56. Re4 e5 57. a5 h3 58. a6 h2 59. a7 Rg8 60. Re1 Ra8 61. Kc4 Rxa7 62. Kd5 Rd7+ 63. Kc6 Rd2 64. c4 Kf2 65. Rxe5 h1Q+ 66. Kc5 Qh7 67. Kb4 Qb7+ 68. Rb5 Rb2+ 0-1

[Event "Olympiad-42"]
[Site "Baku"]
[Date "2016.09.05"]
[Round "4.4"]
[White "Asmar, Elie"]
[Black "Alzaim, Talal"]
[Result "1-0"]
[WhiteElo "2026"]
[BlackElo "2259"]
[PlyCount "119"]
[EventDate "2016.09.02"]
[EventType "team-swiss"]
[EventRounds "11"]
[EventCountry "AZE"]
[SourceTitle "CBM 175"]
[Source "ChessBase"]
[SourceDate "2016.11.10"]
[SourceVersion "1"]
[SourceVersionDate "2016.11.10"]
[SourceQuality "1"]
[WhiteTeam "Lebanon"]
[BlackTeam "Syria"]
[WhiteTeamCountry "LBN"]
[BlackTeamCountry "SYR"]

1. e4 e6 2. d4 d5 3. Nd2 Be7 4. Ngf3 Nf6 5. e5 Nfd7 6. Bd3 c5 7. c3 Nc6 8. 0-0 Qb6 9. dxc5 Nxc5 10. Bc2 Qc7 11. Re1 b6 12. Nb3 Nd7 13. Qe2 a5 14. Nbd4 Ba6 15. Nb5 Qb8 16. a4 h6 17. Bf4 g5 18. Bg3 h5 19. h4 gxh4 20. Nxh4 Bxb5 21. axb5 Ncxe5 22. Ng6 fxg6 23. Bxg6+ Kd8 24. Bxe5 Nxe5 25. Qxe5 Qxe5 26. Rxe5 Kc7 27. Rxe6 Bc5 28. Rd1 Rad8 29. Rd2 h4 30. Kh2 d4 31. Rc6+ Kb8 32. cxd4 Bxd4 33. Kh3 Bc5 34. Re2 Rd1 35. f4 Rh1+ 36. Kg4 h3 37. gxh3 R1xh3 38. f5 Rb3 39. f6 Rxb5 40. f7 Kb7 41. Be4 Ka7 42. Rc7+ Kb8 43. Rb7+ Kc8 44. Bc6 Rb4+ 45. Kg5 Rd4 46. Ra7 Rdd8 47. Re8 Bd6 48. Ra8+ Bb8 49. Rxd8+ Rxd8 50. Rxb8+ Kxb8 51. Be8 Rd5+ 52. Kg6 Rd6+ 53. Kg7 Rd2 54. f8Q Rxb2 55. Bb5+ Kc7 56. Qe7+ Kb8 57. Qd6+ Kb7 58. Bc6+ Ka6 59. Qb8 a4 60. Qa8# 1-0

[Event "Olympiad-42"]
[Site "Baku"]
[Date "2016.09.02"]
[Round "1.4"]
[White "Asmar, Elie"]
[Black "Brkic, Ante"]
[Result "0-1"]
[WhiteElo "2026"]
[BlackElo "2584"]
[PlyCount "80"]
[EventDate "2016.09.02"]
[EventType "team-swiss"]
[EventRounds "11"]
[EventCountry "AZE"]
[SourceTitle "CBM 175"]
[Source "ChessBase"]
[SourceDate "2016.11.10"]
[SourceVersion "1"]
[SourceVersionDate "2016.11.10"]
[SourceQuality "1"]
[WhiteTeam "Lebanon"]
[BlackTeam "Croatia"]
[WhiteTeamCountry "LBN"]
[BlackTeamCountry "CRO"]

1. b3 e5 2. Bb2 Nc6 3. e3 d5 4. Bb5 f6 5. c4 a6 6. Bxc6+ bxc6 7. Ne2 dxc4 8. Qc2 cxb3 9. axb3 Bd7 10. 0-0 Bd6 11. Na3 Ne7 12. Nc4 0-0 13. Nxd6 cxd6 14. Rxa6 Rxa6 15. Qc4+ Be6 16. Qxa6 Bxb3 17. Ra1 Qc7 18. Bc3 Rb8 19. f3 c5 20. Rb1 Be6 21. Rxb8+ Qxb8 22. e4 Kf7 23. Ng3 Nc8 24. Nf1 g6 25. Ne3 f5 26. Kf2 Qb6 27. Qa8 Qa7 28. Qxa7+ Nxa7 29. d3 Bc8 30. Nc4 Ke6 31. Ba5 Ba6 32. Ke2 Nc6 33. Be1 d5 34. Nd2 Nd4+ 35. Kd1 Bxd3 36. exd5+ Kxd5 37. Bf2 c4 38. Bg1 c3 39. Bxd4 exd4 40. Nb3 Bc4 0-1

[Event "LIB-chT"]
[Site "Beirut"]
[Date "2016.07.25"]
[Round "4.2"]
[White "Asmar, Elie"]
[Black "Sayegh, Elias"]
[Result "1-0"]
[WhiteElo "2038"]
[BlackElo "1726"]
[PlyCount "67"]
[EventDate "2016.07.22"]
[EventType "team-tourn"]
[EventRounds "9"]
[EventCountry "LBN"]
[SourceTitle "EXT 2017"]
[Source "ChessBase"]
[SourceDate "2016.10.25"]
[SourceVersion "1"]
[SourceVersionDate "2016.10.25"]
[SourceQuality "1"]
[WhiteTeam "Ansar"]
[BlackTeam "Tanmiya"]
[WhiteTeamCountry "LBN"]
[BlackTeamCountry "LBN"]

1. d4 Nf6 2. Bf4 e6 3. e3 Be7 4. Bd3 b6 5. h3 Bb7 6. Nf3 c5 7. c3 0-0 8. Nbd2 Na6 9. 0-0 d6 10. Qe2 Nc7 11. e4 c4 12. Nxc4 e5 13. dxe5 Bxe4 14. exf6 Bxd3 15. Qxd3 Bxf6 16. Qxd6 Nd5 17. Rad1 Nxf4 18. Qxf4 Qe8 19. Nce5 Rd8 20. Rfe1 Bxe5 21. Rxd8 Qxd8 22. Qxe5 Qd7 23. Nd4 g6 24. h4 h5 25. Qe7 Qg4 26. Qf6 a6 27. Re7 Qd1+ 28. Kh2 Qc1 29. Ne6 Qh6 30. Nxf8 Qxf8 31. Qe5 Kh7 32. Re8 Qg7 33. Qxg7+ Kxg7 34. Rb8 1-0

[Event "Asia Cup"]
[Site "Abu Dhabi"]
[Date "2016.03.28"]
[Round "1.3"]
[White "Lu, Shanglei"]
[Black "Asmar, Elie"]
[Result "1-0"]
[WhiteElo "2620"]
[BlackElo "2051"]
[PlyCount "67"]
[EventDate "2016.03.28"]
[EventType "team-swiss"]
[EventRounds "9"]
[EventCountry "UAE"]
[SourceTitle "CBM 171 Extra"]
[Source "ChessBase"]
[SourceDate "2016.04.26"]
[SourceVersion "1"]
[SourceVersionDate "2016.04.26"]
[SourceQuality "1"]
[WhiteTeam "China"]
[BlackTeam "Lebanon"]
[WhiteTeamCountry "CHN"]
[BlackTeamCountry "LBN"]

1. e4 c5 2. Nf3 Nc6 3. d4 cxd4 4. Nxd4 Nf6 5. Nc3 e5 6. Ndb5 d6 7. Bg5 a6 8. Na3 b5 9. Nd5 Be7 10. Bxf6 Bxf6 11. c4 b4 12. Nc2 0-0 13. g3 Bg5 14. Bg2 Qa5 15. 0-0 Qc5 16. b3 g6 17. Kh1 h5 18. Qd3 Bh6 19. Rad1 Bg7 20. f4 Bg4 21. Rd2 f5 22. Nce3 Rad8 23. exf5 Bxf5 24. Nxf5 gxf5 25. Qe2 e4 26. Qxh5 Rde8 27. g4 fxg4 28. Qxg4 e3 29. Re2 Qd4 30. Qg3 Qd3 31. Rxe3 Rxe3 32. Nxe3 Nd4 33. Rd1 Qh7 34. Rxd4 1-0

[Event "LIB-ch 41st"]
[Site "Beirut"]
[Date "2015.12.08"]
[Round "11"]
[White "Abdulaziz, Mahmoud"]
[Black "Asmar, Elie"]
[Result "1/2-1/2"]
[WhiteElo "2123"]
[BlackElo "1995"]
[PlyCount "34"]
[EventDate "2015.11.25"]
[EventType "tourn"]
[EventRounds "11"]
[EventCountry "LBN"]
[SourceTitle "EXT 2017"]
[Source "ChessBase"]
[SourceDate "2016.10.25"]
[SourceVersion "1"]
[SourceVersionDate "2016.10.25"]
[SourceQuality "1"]

1. g3 d5 2. Bg2 Nf6 3. Nf3 e6 4. d3 Be7 5. Nbd2 c5 6. 0-0 Nc6 7. a3 0-0 8. c4 h6 9. e3 Qc7 10. b3 b6 11. Bb2 Bb7 12. cxd5 Nxd5 13. Rc1 Rac8 14. d4 cxd4 15. Nxd4 Qd7 16. Nxc6 Rxc6 17. Nc4 Rd8 1/2-1/2

[Event "LIB-ch 41st"]
[Site "Beirut"]
[Date "2015.12.07"]
[Round "10"]
[White "Asmar, Elie"]
[Black "Kassis, Antoine"]
[Result "1/2-1/2"]
[WhiteElo "1995"]
[BlackElo "2147"]
[PlyCount "52"]
[EventDate "2015.11.25"]
[EventType "tourn"]
[EventRounds "11"]
[EventCountry "LBN"]
[SourceTitle "EXT 2017"]
[Source "ChessBase"]
[SourceDate "2016.10.25"]
[SourceVersion "1"]
[SourceVersionDate "2016.10.25"]
[SourceQuality "1"]

1. b3 d6 2. Bb2 Nd7 3. e3 Ngf6 4. d4 g6 5. c4 Bg7 6. Nc3 0-0 7. Qc2 a6 8. Be2 c6 9. g4 e5 10. g5 Ne8 11. dxe5 Qxg5 12. Nf3 Qe7 13. h4 Nxe5 14. Nxe5 Bxe5 15. h5 b5 16. 0-0-0 b4 17. Na4 Bf5 18. Bd3 Bxd3 19. Qxd3 Rd8 20. Bxe5 Qxe5 21. f4 Qf6 22. f5 g5 23. h6 Qe5 24. Qd4 Nf6 25. Qxe5 dxe5 26. Nc5 Rxd1+ 1/2-1/2

[Event "Beirut op 8th"]
[Site "Beirut"]
[Date "2015.09.27"]
[Round "9"]
[White "Asmar, Elie"]
[Black "Sursock, Sameer"]
[Result "1/2-1/2"]
[WhiteElo "1972"]
[BlackElo "2260"]
[PlyCount "61"]
[EventDate "2015.09.19"]
[EventType "swiss"]
[EventRounds "9"]
[EventCountry "LBN"]
[SourceTitle "EXT 2016"]
[Source "ChessBase"]
[SourceDate "2015.10.08"]
[SourceVersion "1"]
[SourceVersionDate "2015.10.08"]
[SourceQuality "1"]

1. b3 e5 2. Bb2 Nc6 3. e3 Nf6 4. Bb5 d6 5. Ne2 Be7 6. d4 exd4 7. Nxd4 Bd7 8. Bxc6 Bxc6 9. Nxc6 bxc6 10. 0-0 0-0 11. c4 Ne4 12. Nd2 Nxd2 13. Qxd2 Bf6 14. Rfd1 Bxb2 15. Qxb2 Qe7 16. Qa3 c5 17. Qa5 f5 18. Rd3 Rf6 19. Rad1 Rg6 20. Qd2 Qe4 21. g3 h5 22. Rd5 Rf8 23. Qd3 Qf3 24. h4 Rg4 25. Qf1 g6 26. Qg2 Qxg2+ 27. Kxg2 Re4 28. b4 Rxc4 29. bxc5 Rxc5 30. Rxc5 dxc5 31. Rc1 1/2-1/2

[Event "Beirut op 8th"]
[Site "Beirut"]
[Date "2015.09.25"]
[Round "7"]
[White "Asmar, Elie"]
[Black "Kassis, Antoine"]
[Result "1/2-1/2"]
[WhiteElo "1972"]
[BlackElo "2162"]
[PlyCount "76"]
[EventDate "2015.09.19"]
[EventType "swiss"]
[EventRounds "9"]
[EventCountry "LBN"]
[SourceTitle "EXT 2016"]
[Source "ChessBase"]
[SourceDate "2015.10.08"]
[SourceVersion "1"]
[SourceVersionDate "2015.10.08"]
[SourceQuality "1"]

1. d4 c5 2. d5 e5 3. c4 d6 4. Nc3 f5 5. e4 Nf6 6. Bg5 Be7 7. Bxf6 Bxf6 8. Bd3 f4 9. Be2 0-0 10. h3 Na6 11. Bg4 Nc7 12. Bxc8 Qxc8 13. Nf3 Rb8 14. Qe2 a6 15. a4 b6 16. 0-0 Qe8 17. Nd2 h5 18. f3 Bh4 19. Rfb1 a5 20. Kh1 Qd7 21. Nf1 g5 22. Nh2 Rf7 23. Nd1 Rg7 24. Nf2 Ne8 25. Ra3 Nf6 26. Kg1 Kf7 27. Rb3 Bxf2+ 28. Kxf2 Qd8 29. Rh1 Qg8 30. Kf1 Qh7 31. Kg1 Qg6 32. Kf1 Rh7 33. Rg1 g4 34. hxg4 hxg4 35. Nxg4 Nxg4 36. fxg4 Rh4 37. Rh3 Rxg4 38. Rgh1 Rg8 1/2-1/2

[Event "Beirut op 8th"]
[Site "Beirut"]
[Date "2015.09.21"]
[Round "3"]
[White "Asmar, Elie"]
[Black "Lakhoyan, Hrag"]
[Result "1-0"]
[WhiteElo "1972"]
[BlackElo "1389"]
[PlyCount "32"]
[EventDate "2015.09.19"]
[EventType "swiss"]
[EventRounds "9"]
[EventCountry "LBN"]
[SourceTitle "EXT 2016"]
[Source "ChessBase"]
[SourceDate "2015.10.08"]
[SourceVersion "1"]
[SourceVersionDate "2015.10.08"]
[SourceQuality "1"]

1. Nf3 d5 2. d4 Nf6 3. e3 e6 4. Bd3 Bd6 5. b3 0-0 6. Bb2 Nbd7 7. Nbd2 c6 8. Ne5 Re8 9. e4 Bf8 10. 0-0 c5 11. Qf3 cxd4 12. exd5 b6 13. Rae1 a6 14. g4 Nb8 15. g5 Nfd7 16. Bxh7+ Kxh7 1-0

[Event "Algiers Ameyar Memorial 13th"]
[Site "Algiers"]
[Date "2015.06.09"]
[Round "1"]
[White "Asmar, Elie"]
[Black "Belouadah, Saad"]
[Result "0-1"]
[WhiteElo "1974"]
[BlackElo "2376"]
[PlyCount "70"]
[EventDate "2015.06.09"]
[EventType "swiss"]
[EventRounds "9"]
[EventCountry "ALG"]
[SourceTitle "CBM 167 Extra"]
[Source "ChessBase"]
[SourceDate "2015.09.14"]
[SourceVersion "1"]
[SourceVersionDate "2015.09.14"]
[SourceQuality "1"]

1. b3 d5 2. e3 e5 3. Bb2 Bd6 4. g3 Nf6 5. Bg2 Bg4 6. Ne2 Qd7 7. c4 Nc6 8. cxd5 Nb4 9. d3 Qb5 10. 0-0 Nfxd5 11. Nbc3 Nxc3 12. Nxc3 Qd7 13. Qd2 Bh3 14. a3 Nc6 15. Rac1 0-0-0 16. Rc2 Bxg2 17. Kxg2 h5 18. Rfc1 h4 19. Nb5 hxg3 20. fxg3 Kb8 21. Kg1 Rh6 22. d4 Be7 23. Qg2 Bg5 24. Re1 a6 25. d5 Qxd5 26. Qxd5 Rxd5 27. Nc3 Rd3 28. Bc1 Na5 29. Ne4 Be7 30. Nc5 Rd5 31. b4 Bxc5 32. bxc5 Rc6 33. Kf2 f6 34. Bb2 Rcxc5 35. Ree2 Nc4 0-1

[Event "LIB-ch 40th"]
[Site "Beirut"]
[Date "2014.06.26"]
[Round "10.6"]
[White "Asmar, Elie"]
[Black "Bassel, Charaf"]
[Result "0-1"]
[WhiteElo "2016"]
[BlackElo "2114"]
[PlyCount "56"]
[EventDate "2014.06.14"]
[EventType "tourn"]
[EventRounds "11"]
[EventCountry "LBN"]
[SourceTitle "EXT 2016"]
[Source "ChessBase"]
[SourceDate "2015.10.08"]
[SourceVersion "1"]
[SourceVersionDate "2015.10.08"]
[SourceQuality "1"]

1. Nf3 c5 2. e4 e6 3. b4 cxb4 4. d4 d5 5. exd5 Qxd5 6. Be2 Nc6 7. 0-0 Bd6 8. a3 Nge7 9. axb4 Bxb4 10. c4 Qd6 11. Na3 0-0 12. Nb5 Qd7 13. Bd3 g6 14. Bh6 Rd8 15. Bg5 b6 16. Bf6 Bb7 17. Qc1 Qe8 18. Nc7 Qf8 19. Nxe6 fxe6 20. Qf4 Bd6 21. Qh4 Nf5 22. Bxf5 exf5 23. d5 Rd7 24. dxc6 Bxc6 25. Nd4 Rc8 26. Rfe1 Be4 27. f3 Bc5 28. Rad1 Rc6 0-1

[Event "LIB-ch 40th"]
[Site "Beirut"]
[Date "2014.06.24"]
[Round "9.1"]
[White "Asmar, Elie"]
[Black "Maasarani, Mahmoud"]
[Result "1-0"]
[WhiteElo "2016"]
[BlackElo "2103"]
[PlyCount "97"]
[EventDate "2014.06.14"]
[EventType "tourn"]
[EventRounds "11"]
[EventCountry "LBN"]
[SourceTitle "EXT 2016"]
[Source "ChessBase"]
[SourceDate "2015.10.08"]
[SourceVersion "1"]
[SourceVersionDate "2015.10.08"]
[SourceQuality "1"]

1. e4 b6 2. d4 Bb7 3. Bd3 e6 4. Ne2 d6 5. 0-0 Nd7 6. f4 c5 7. c3 Ne7 8. Na3 cxd4 9. cxd4 Nc6 10. Nc2 d5 11. exd5 exd5 12. Ng3 Qf6 13. Re1+ Ne7 14. Bd2 g6 15. Rc1 Kd8 16. f5 Rc8 17. Bf4 Nc6 18. Qg4 Be7 19. Ne2 g5 20. Bd2 Kc7 21. Nc3 Kb8 22. Nxd5 Qd6 23. Nxe7 Nxe7 24. Bb4 Nc5 25. Bf1 Nd5 26. dxc5 bxc5 27. Bc3 Nxc3 28. bxc3 Ka8 29. Be2 h5 30. Qg3 Qxg3 31. hxg3 g4 32. Bc4 h4 33. gxh4 Rxh4 34. Ne3 g3 35. Bd5 Rch8 36. Bxb7+ Kxb7 37. Kf1 Rf4+ 38. Ke2 Rf2+ 39. Kd3 Rxa2 40. Kc4 Kc6 41. Ra1 Rh4+ 42. Kb3 Rf2 43. Rxa7 c4+ 44. Nxc4 Rxf5 45. Ra6+ Kd7 46. Rd6+ Kc8 47. Re8+ Kc7 48. Re7+ Kc8 49. Nb6+ 1-0